Premiers ministres français - Mort subite - Statistiques

Statistiques générales
  • Ce quiz a été pris 255 fois
    131 depuis la dernière actualisation
  • Le résultat moyen est 7 sur 12
Answers on the Grid
Answers color-coded by a green-red scale on the quiz's grid according to % correct below.
Charles de Gaulle
Georges Pompidou
Jacques Chirac
Édith Cresson
Jean-Louis Debré
Laurent Fabius
Muriel Pénicaud
Brice Hortefeux
Jean-Luc Mélenchon
Manuel Valls
Michel Rocard
Nicolas Sarkozy
Édouard Philippe
Valéry Giscard d'Estaing
Ségolène Royal
Pierre Bérégovoy
Jean-Claude Gayssot
Jean Castex
Gérald Darmanin
Édouard Balladur
Alain Juppé
Maurice Couve de Murville
Edgar Faure
Jean-Pierre Chevènement
 
Statistiques - réponses
Réponse % Correct
Jean Castex
79%
Édouard Philippe
68%
Manuel Valls
68%
Jacques Chirac
64%
Édouard Balladur
58%
Édith Cresson
57%
Alain Juppé
55%
Laurent Fabius
54%
Michel Rocard
49%
Georges Pompidou
48%
Pierre Bérégovoy
46%
Maurice Couve de Murville
32%
Aucun quiz correspondant
Distribution des résultats
% des personnes avec chaque résultat
Percentile par nombre de réponses
Votre historique - résultats
Vous n’avez pas pris ce quiz depuis la dernière actualisation